000 00243 a2200097 4500
001 59714
100 _a
245 _aSwitching function:Analysis of power electronic circuits
260 _aU K
_bMPG books
_c2006
090 _c36595
_d36595
942 _aNUST-CAE
_c29552
_cMONOGRAPH
999 _c294787
_d294787